000 01144pam a2200313 a 4500
001 4413110
003 Ke-BoTe
005 20220607112359.0
008 930302s1996 paua b 001 0 eng c
010 _a 93000783
020 _a0397549733
040 _aDNLM/DLC
_cDLC
_dDLC
050 0 0 _aRC954
_b.E87 1996
060 _aWY 152 E78 1994
082 0 0 _a610.73/65
_220
245 0 0 _aEssentials of gerontological nursing :
_badaptation to the aging process /
_c[edited by] Angela Simon Staab, Linda Compton Hodges.
250 _a1st ed.
260 _aPhiladelphia :
_bLippincott ;
_cc1996.
300 _axviii, 557 p . :
_bill . ;
_c24 cm .
504 _aIncludes bibliographical references (p. 545 ) and index.
650 0 _aGeriatric nursing.
650 2 _aGeriatric Nursing
_xmethods.
_97769
650 2 _aNursing Process.
_93203
700 1 _aStaab, Angela Simon.
_97770
700 1 _aHodges, Linda Compton.
_97771
906 _a7
_bcbc
_corignew
_d1
_eocip
_f19
_gy-gencatlg
942 _2lcc
_cBK
_n0
999 _c3654
_d3654